000 02282nam0a2200373 4500
001 RU\NLR\BIBL_A\022104754
005 20240130135439.0
010 _a978-5-6047231-1-1
_9120
021 _aRU
_bКН-П-23-073656
_9КН-П-23-7446
035 _a(NLR Aleph) 022104754
035 _a(RuMoRGB)012367435
090 _a12758100
_c12758100
100 _a20240109d2023 k y0rusy50 ca
101 0 _arus
102 _aRU
105 _aа z 100yy
181 0 _ai
_baxxe
182 0 _an
200 1 _aМатериалы IX Научно-практической конференции с международным участием "Проблемы сохранения экосистемы Каспия в условиях освоения нефтегазовых месторождений", Астрахань, 10 ноября 2023 г.
_fООО "ЛУКОЙЛ-Нижневолжскнефть" Волжско-Каспийский филиал ФГБНУ "ВНИРО" (КаспНИРХ")
203 _aТекст
_bвизуальный
_cнепосредственный
210 _aАстрахань
_cКаспНИРХ
_d2023
215 _a236 с.
_cил., табл., цв. ил.
_d30
320 _aБиблиогр. в конце ст.
606 1 _aЭкологические системы морские
_jСъезды, совещания и т.п
_xВлияние освоения нефтяных месторождений
_yКаспийское море
_92400409
_3RU\NLR\AUTH\661430892
606 1 _aЭкологические системы морские
_jСъезды, совещания и т.п
_xОхрана
_yКаспийское море
_92400353
_3RU\NLR\AUTH\661430862
675 _a502.51(262.81)(082)
_v4
686 1 _aЕ082.159(991)я431
686 1 _aЕ082.10(991)я431
710 1 2 _a"Проблемы сохранения экосистемы Каспия в условиях освоения нефтегазовых месторождений", научно-практическая конференция с международным участием
_d9
_eАстрахань
_f2023
_9874514
_3RU\NLR\AUTH\880602663
942 _cBOOK
980 _aNB